Taylor Swift mystery lyrics #104 - Statistics

General Stats
  • This quiz has been taken 48 times
  • The average score is 188 of 296
Answer Stats
Answer % Correct
and
100%
And
100%
I
100%
the
100%
The
100%
you
100%
You
100%
your
97%
me
94%
to
94%
what
94%
where
94%
be
91%
But
91%
but
91%
in
91%
is
91%
who
91%
it
88%
my
88%
that
88%
you're
88%
do
84%
know
84%
say
84%
don't
81%
Don't
81%
it's
81%
love
81%
So
81%
were
81%
are
78%
If
78%
if
78%
like
78%
they
78%
They
78%
this
78%
for
75%
at
72%
'cause
72%
'Cause
72%
I'll
72%
now
72%
time
72%
have
69%
mine
69%
not
69%
can't
66%
their
66%
from
63%
never
63%
things
63%
take
59%
with
59%
heart
56%
yours
56%
mind
53%
ours
53%
will
53%
about
50%
always
50%
People
50%
people
50%
rocks
50%
shine
50%
throw
50%
up
50%
you'll
50%
gonna
47%
here
47%
little
47%
makes
47%
out
47%
theirs
47%
those
47%
what's
47%
Elevator
44%
nothing
44%
pretty
44%
right
44%
there's
44%
wanna
44%
worry
44%
air
41%
buttons
41%
laugh
41%
look
41%
morning
41%
someone
41%
stairs
41%
any
38%
care
38%
hands
38%
hard
38%
life
38%
we'd
38%
give
34%
comes
31%
Ghosts
31%
high
31%
jump
31%
past
31%
rough
31%
silence
31%
sleeves
31%
speak
31%
stakes
31%
They'll
31%
water's
31%
belong
28%
Seems
28%
smiles
28%
song
28%
stares
28%
Strangers'
28%
tattoos
28%
teeth
28%
wrong
28%
between
25%
choice
25%
else
25%
father
25%
gap
25%
ignored
25%
lip
25%
remarks
25%
shadows
25%
vacant
25%
disapproves
22%
gloss
22%
judge
22%
jury's
22%
snide
22%
speculate
22%
tough
22%
verdict
22%
doubt
19%
faith
19%
Lurking
19%
fight
16%
riddles
16%
No matching quizzes found
Score Distribution
Percent of People with Each Score
Percentile by Number Answered
Your Score History
You have not taken this quiz